Movies Quiz

Random Movies or Actor Quiz

Keanu Reeves Needs a Job Quiz Stats

 Plays Quiz Updated May 17, 2019

Score 0/20 Timer 06:00
0 Plays Today
% Correct
The One
80.2%
Assassin
79.7%
High School Student
74.1%
Demon Hunter
71.6%
Football (American) Player
69%
FBI Agent
65.3%
Little League Baseball Coach
64.2%
Alien Ambassador
64.2%
Lawyer
62.4%
LAPD S.W.A.T. Officer
57.8%
% Correct
Lawyer
57.6%
Rebellious 'Bastard Prince'
56.3%
Lawyer
53%
Energy Researcher
52.7%
Architect
52.7%
Information Courier
41.2%
LAPD Detective
41.2%
Doctor
40.1%
Music Tutor
31%
Bass Guitarist
22%

You're not logged in!

Compare scores with friends on all Sporcle quizzes.
OR
Log In

Sporcle TV

Today on Sporcle TV


Watch our educational content, quiz creation guides, and fun videos on Sporcle TV.

Show Comments

Extras

Top Quizzes Today


Score Distribution

Your Account Isn't Verified!

In order to create a playlist on Sporcle, you need to verify the email address you used during registration. Go to your Sporcle Settings to finish the process.

Report this User

Report this user for behavior that violates our Community Guidelines.

Details: